000 005990000a22002050004500
003 LK-CoMWRAF
005 20231115122501.0
008 230817t1988 ||||| |||| 00| 0 eng d
040 _aLK-CoMWRAF
_dLK-CoMWRAF
_eLK-CoMWRAF
041 _aeng
082 _a297.14
_bAMI
100 _aAmini, Mohd Taqi
245 _aTime changes and Islamic Law
260 _aDelhi:
_bIdarah-i Adabiyat-i Delli,
_c1988
300 _axiv, 285 pages ; 23 cm.
_bIndex included
490 _aIAD Religio-Philosophy (Original) series
_v20
650 _aMUSLIM LAW
700 _aKhan, Ghulam, Ahmed
_etrans.
942 _cBK
999 _c1225
_d1225